|
|
|
|
| LEADER |
01607cas a2200241 a 4500 |
| 001 |
AALejournalIMF007626 |
| 008 |
230101c9999 xx r poo 0 0eng d |
| 020 |
|
|
|c 5.00 USD
|
| 020 |
|
|
|z 9781451835861
|
| 022 |
|
|
|a 1934-7685
|
| 040 |
|
|
|a BD-DhAAL
|c BD-DhAAL
|
| 110 |
2 |
|
|a International Monetary Fund.
|
| 245 |
1 |
0 |
|a Sweden :
|b Staff Report for the 1999 Article IV Consultation.
|
| 264 |
|
1 |
|a Washington, D.C. :
|b International Monetary Fund,
|c 1999.
|
| 300 |
|
|
|a 1 online resource (51 pages)
|
| 490 |
1 |
|
|a IMF Staff Country Reports
|
| 500 |
|
|
|a <strong>Off-Campus Access:</strong> No User ID or Password Required
|
| 500 |
|
|
|a <strong>On-Campus Access:</strong> No User ID or Password Required
|
| 506 |
|
|
|a Electronic access restricted to authorized BRAC University faculty, staff and students
|
| 520 |
3 |
|
|a This 1999 Article IV Consultation highlights that Sweden's real GDP growth accelerated to 2.9 percent in 1998, as a result of a strengthening of domestic demand. Private consumption was aided by sizable real wage increases, declining unemployment, increased government transfers to households, and rising asset prices, while investment was boosted by a combination of improved profit conditions, a healthy economic outlook, and lower interest rates. Employment rose by 1 1\2 percent in 1998, and by a further 2 percentage points during the first half of 1999.
|
| 538 |
|
|
|a Mode of access: Internet
|
| 830 |
|
0 |
|a IMF Staff Country Reports; Country Report ;
|v No. 1999/094
|
| 856 |
4 |
0 |
|z Full text available on IMF
|u http://elibrary.imf.org/view/journals/002/1999/094/002.1999.issue-094-en.xml
|z IMF e-Library
|